| 000 | 00553nam a22002057a 4500 | ||
|---|---|---|---|
| 005 | 20251007121020.0 | ||
| 020 |
_a8121904331 _cTZS 99,450/= |
||
| 020 | _a9788121904339 | ||
| 040 |
_aMCCL _beng. _eAACR 2nd rev. ed. |
||
| 082 | _a338.5 AHU | ||
| 100 | _aAhuja, H. L. | ||
| 245 |
_aMacroeconomics: _btheory and policy/ _cH. L. Ahuja |
||
| 250 | _a19th rev. ed | ||
| 260 |
_aNew Delhi: _bS. Chand & Company PVT. Ltd, _cc2013. |
||
| 300 |
_a904p.: _bill.; _c24 cm. |
||
| 546 | _aeng. | ||
| 650 | _aMacroeconomics | ||
| 700 | _aAhuja, H. L. | ||
| 942 | _cBK | ||
| 999 |
_c12224 _d12224 |
||